| 000 | 00563nam a2200193Ia 4500 | ||
|---|---|---|---|
| 008 | 120823t2005 xxu||||| |||| 00| 0 sin d | ||
| 041 | _asin | ||
| 080 |
_a8-31 (eng) _bBAL |
||
| 100 | _aBalantain,R.M | ||
| 245 | _aමාර්ටින් රැට්ලර් | ||
| 246 | _aMartin Ratler | ||
| 260 |
_aMalpiyali Publishers _aDankotuwa _c2005 |
||
| 300 | _b208p, 21 cm | ||
| 500 | _aSinhalese Translation Of R.M Balantain of Martin Ratler | ||
| 700 |
_aSiriwardhana,Kumara _etr. |
||
| 942 | _cBK | ||
| 999 |
_c41220 _d41220 |
||
| 003 | LK-CoDNM | ||
| 040 |
_aLK-CoDNM _dLK-CoDNM _eLK-CoDNM |
||